Представление документа в формате RUSMARC

ПолеНазваниеЗначение
  Тип записи a
  Библиографический уровень m
001 Контрольный номер RU/SLIB/B/208727071
005 Дата корректировки 20231214115726.8
010 Индекс ISBN __
d Цена 1-40
100 Данные общей обработки __
a Данные общей обработки 20211201d1989 ma y0rusy028902 ca
101 Язык документа 0_
a Язык текста rus
102 Страна публикации __
a Страна публикации RU
105 Кодированные данные (монография) __
a Кодированные данные (монография) a z 000zb
181 Поле кодированных данных: вид содержания _0
a Код вида содержания (ISBD) i
182 Поле кодированных данных: тип средства _0
a Код типа средства (ISBD) n
200 Заглавие и сведения об ответственности 1_
a Заглавие Ольховая аллея
e Сведения, относящиеся к заглавию повесть о Кларе Цеткин
b Общее обозначение материала Текст
205 Сведения об издании __
a Основные сведения об издании 3-е изд.
210 Выходные данные 1_
a Место издания М.
c Издательство Политиздат
d Дата издания 1989
215 Физическое описание __
a Объем 400 с.
c Иллюстрации/тип воспроизводства ил.
225 Серия 2_
a Серия Пламенные революционеры
600 Персоналии _1
a Персоналии (Фамилия) Цеткин К.
606 Тематические рубрики __
a Основная рубрика История
606 Тематические рубрики __
a Основная рубрика Европа в XVI в. - 1918 г.
606 Тематические рубрики __
a Основная рубрика Европа с 1918 г. -
606 Тематические рубрики __
a Основная рубрика Политика. Политология
606 Тематические рубрики __
a Основная рубрика Политические движения и партии зарубежных стран
606 Тематические рубрики __
a Основная рубрика Художественная литература
606 Тематические рубрики __
a Основная рубрика Русская литература XX в. (произведения)
610 Ключевые слова 0_
a Ключевые слова революционеры; повести; персоналии; революции
686 Индексы других классификаций __
a Классификационный индекс 63.3(4Гем)53-8
686 Индексы других классификаций __
a Классификационный индекс 63.3(4Гем)61-8
686 Индексы других классификаций __
a Классификационный индекс 66.69(4Гем),2
686 Индексы других классификаций __
a Классификационный индекс 84(2Рос=Рус)6-4
700 Автор _1
a Фамилия Гуро
b Имя И. Р.
4 Код отношения 070
801 Источник записи _0
a Страна RU
b Организация Муниципальное бюджетное учреждение культуры "Централизованная библиотечная система" г. Сургут (Центральная городская библиотека им. А. С. Пушкина)
g Правила каталогизации КиК/Уланова
801 Источник записи _1
a Страна RU
b Организация Муниципальное бюджетное учреждение культуры "Централизованная библиотечная система" г. Сургут (Центральная городская библиотека им. А. С. Пушкина)
g Правила каталогизации КиК/Уланова
852 Данные о местонахождении __
j Шифр хранения 63.3(4Гем)53-8
c Каталожный индекс 63.3(4Гем)-8; 66.69(4Гем); 84(2Рос=Рус)6-4
i Авторский знак Г 95
p Инвентарный номер 40248
901 Тип документа __
t Тип документа m
990 Данные о заказе (DOS) __
j Количество экземпляров (DOS) 1
t N записи в КСУ для И/У (DOS) 199101